000 01990cab a2200301 ab4500
005 20260307211116.0
008 991125c2018 mx tr p o 000 0 spa d
035 _aUPN01000234769
040 _aMX-MxUPN
_bspa
_cMX-MxUPN
_eaacr2
049 _aART-E
003
100 1 _aMelo, Lina
100 1 _aCardona, Giovanni
100 1 _aCañada, Florentina
100 1 _aMartínez, Guadalupe
245 1 0 _aConocimiento didáctico del contenido sobre el principio de Arquímedes en un programa de formación de profesores de física en Colombia
_h[recurso electrónico en línea]
506 0 _aAcceso abierto
520 3 _aEste estudio muestra la caracterización del conocimiento didáctico del contenido (CDC) sobre el principio de Arquímedes en el contexto de la flotación. La muestra se constituyó por 21 profesores en formación de Física al finalizar la asignatura de Mecánica de fluidos. Como instrumento de medida se utilizó la matriz de representación del contenido (ReCo) para capturar el CDC. Los resultados indican un bajo conocimiento del contenido, la mayoría considera que el empuje depende de la posición del objeto sumergido. Por otro lado, 57% de los futuros profesores de Física optan por un CDC cercano a una tendencia intermedia hacia la enseñanza, 24% describe uno ecléctico y 19% uno centrado en una tendencia tradicional. Finalmente, los modelos del CDC están relacionados con el grado de importancia y confianza que los futuros profesores perciben sobre sus propios conocimientos para la enseñanza del principio de Arquímedes. RMIE
653 0 _aFormación docente
653 0 _aEnseñanza de la física
653 0 _aEstrategia de enseñanza
653 0 _aEstilos de aprendizaje
773 _gVol. 23, no. 76, (2018), p. 253-279
_tRevista mexicana de investigación educativa
_x1405-6666
856 4 _uhttps://ojs.rmie.mx/index.php/rmie/article/view/353
902 _aLorena Izquierdo/300625
905 _aArticulo
942 _cART-E
999 _c206864
_d206864